| 000 | 00536nam a22001817a 4500 | ||
|---|---|---|---|
| 005 | 20250220200400.0 | ||
| 008 | 250220b |||||||| |||| 00| 0 eng d | ||
| 020 | _a9781292064376 | ||
| 050 |
_aHD30.23 _b.W566 WIS |
||
| 100 | _aWisniewski Mik | ||
| 245 |
_aQuantitative Methods for Decision Makers/ _cMik Wisniewski |
||
| 250 | _a5th Ed. | ||
| 260 |
_aHarlow _bPearson Education Limited _c2009 |
||
| 300 |
_axxii. 607p. _bill. col. _c27 cm |
||
| 500 | _aIncludes Index | ||
| 650 | _2Quantitative Methods | ||
| 942 |
_2lcc _cBK _e5th Ed. _n0 |
||
| 999 |
_c3999 _d3999 |
||